000 00641nam a2200217 i 4500
001 43410
003 ES-MaACL
005 20230906160803.0
007 t|
008 030317s1986 sp ||||1| spa d
020 _a84-85641-95-7
100 1 _aCastro Nogueira, Luis.
_936941
245 1 0 _aEnsayo general para un ballet anarquista /
_cLuis Castro Nogueira, M.H. de Ossorno.
260 _aMadrid :
_bEdiciones libertarios,
_c[1986]
300 _a222 p. ;
_c20 cm.
490 1 _aEnsayo ;
_v10
700 1 _aOssorno, M. H. de.
_987802
830 0 _aEnsayo ;
_v10
_9177699
852 _aES-MaACL
_jL-10692
_bR.112343
999 _c43410
_d43410